| 000 -LEADER |
| fixed length control field |
01494cam a2200361 a 4500 |
| 001 - CONTROL NUMBER |
| control field |
15122796 |
| 005 - DATE AND TIME OF LATEST TRANSACTION |
| control field |
20240522164508.0 |
| 008 - FIXED-LENGTH DATA ELEMENTS--GENERAL INFORMATION |
| fixed length control field |
071227s2009 cauab b 001 0 eng |
| 010 ## - LIBRARY OF CONGRESS CONTROL NUMBER |
| LC control number |
2007052287 |
| 020 ## - INTERNATIONAL STANDARD BOOK NUMBER |
| International Standard Book Number |
9780321524041 |
| 020 ## - INTERNATIONAL STANDARD BOOK NUMBER |
| International Standard Book Number |
0321524047 |
| 035 ## - SYSTEM CONTROL NUMBER |
| System control number |
(OCoLC)ocn185095639 |
| 035 ## - SYSTEM CONTROL NUMBER |
| System control number |
(OCoLC)185095639 |
| Canceled/invalid control number |
(OCoLC)176892416 |
| 040 ## - CATALOGING SOURCE |
| Original cataloging agency |
DLC |
| Transcribing agency |
DLC |
| Modifying agency |
YDX |
| -- |
YDXCP |
| -- |
BAKER |
| -- |
BTCTA |
| -- |
DLC |
| 050 00 - LIBRARY OF CONGRESS CALL NUMBER |
| Classification number |
QH430 |
| Item number |
.K574 2009 |
| 080 ## - UNIVERSAL DECIMAL CLASSIFICATION NUMBER |
| Universal Decimal Classification number |
575 C-73 |
| 245 00 - TITLE STATEMENT |
| Title |
Concepts of genetics / |
| Statement of responsibility, etc. |
William S. Klug ; Michael R. Cummings; Charlotte A. Spencer; Michael A. Palladino |
| 250 ## - EDITION STATEMENT |
| Edition statement |
9th ed. |
| 260 ## - PUBLICATION, DISTRIBUTION, ETC. |
| Place of publication, distribution, etc. |
San Francisco : |
| Name of publisher, distributor, etc. |
Pearson Benjamin Cummings, |
| Date of publication, distribution, etc. |
c2009. |
| 300 ## - PHYSICAL DESCRIPTION |
| Extent |
xxx, 779, [86] p. : |
| Other physical details |
ill. (chiefly col.), col. map ; |
| Dimensions |
29 cm. |
| 500 ## - GENERAL NOTE |
| General note |
Rev. ed. of: Concepts of genetics / William S. Klug. 8th ed. 2006. |
| 504 ## - BIBLIOGRAPHY, ETC. NOTE |
| Bibliography, etc. note |
Includes bibliographical references (p. A-57 - A66) and index. |
| 650 #0 - SUBJECT ADDED ENTRY--TOPICAL TERM |
| Topical term or geographic name entry element |
Genetics. |
| 9 (RLIN) |
22154 |
| 653 ## - INDEX TERM--UNCONTROLLED |
| keyword |
გენეტიკის ცნებები |
| 700 1# - ADDED ENTRY--PERSONAL NAME |
| Personal name |
Klug, William S. |
| Title of a work |
Concepts of genetics. |
| 9 (RLIN) |
22155 |
| 700 1# - ADDED ENTRY--PERSONAL NAME |
| Personal name |
Cummings, Michael R. |
| 9 (RLIN) |
7411 |
| 700 1# - ADDED ENTRY--PERSONAL NAME |
| Personal name |
Spencer, A Charlotte |
| 9 (RLIN) |
22156 |
| 700 1# - ADDED ENTRY--PERSONAL NAME |
| Personal name |
Palladio, A. Michael |
| 9 (RLIN) |
22157 |
| 856 41 - ELECTRONIC LOCATION AND ACCESS |
| Materials specified |
Table of contents only |
| Uniform Resource Identifier |
http://www.loc.gov/catdir/toc/ecip087/2007052287.html |
| 906 ## - LOCAL DATA ELEMENT F, LDF (RLIN) |
| a |
7 |
| b |
cbc |
| c |
orignew |
| d |
1 |
| e |
ecip |
| f |
20 |
| g |
y-gencatlg |
| 942 ## - ADDED ENTRY ELEMENTS (KOHA) |
| Source of classification or shelving scheme |
|
| Koha item type |
წიგნი |